ბათუმის შოთა რუსთაველის სახელმწიფო უნივერსიტეტის ბიბლიოთეკა

თრომბოფილია : (ბიბ.ჩანაწერი № 52973)

000 -ლიდერი
ფიქსირებული სიგრძის საკონტროლო ველი 01645nam a2200289Ia 4500
001 - საკონტროლო ნომერი
საკონტროლო ველი 20004
003 - საკონტროლო ნომრის იდენტიფიკატორი
საკონტროლო ველი GE_BSU
005 - ბოლო ოპერაციის თარიღი და დრო
საკონტროლო ველი 20250318140020.0
008 - ფიქსირებული სიგრძის მონაცემთა ელემენტები - ზოგადი ინფორმაცია
ფიქსირებული სიგრძის საკონტროლო ველი 181216s2014||||ge |||||||||||||| ||geo||
020 ## - წიგნის საერთაშორისო სტანდარტული ნომერი
International Standard Book Number 978-9941-07271-0
040 ## - კატალოგიზაციის წყარო
Transcribing agency GE_BSU
041 ## - ენის კოდი
Language code of text/sound track or separate title geo
080 ## - უნივერსალური ათობითი კლასიფიკაციის ინდექსი
Universal Decimal Classification number 618.3 + 616-005.7 მ-39
245 ## - ცნობა სათაურის შესახებ
Title თრომბოფილია :
Remainder of title [მონოგრაფია] /
Statement of responsibility, etc ალექსანდრე მაქაცარია, ვიქტორია ბიწაძე, მარინა ჯანგიძე ; რედ. : მარინა ჯანგიძე ; გარეკანის დიზაინი ალექსანდრე ჯიქურიძე.
264 ## - წარმოების, გამოცემის, დისტრიბუციის და სხვა ცნობები
გამოცემის, წარმოების, დისტრიბუციის... ადგილი თბილისი :
გამოცემის, წარმოების, დისტრიბუციის... სახელწოდება საგამომც. პროგრამა "ლოგოსი"-ს სტ.,
გამოცემის, წარმოების, დისტრიბუციის... თარიღი 2014.
300 ## - ფიზიკური აღწერა
Extent 464 გვ. :
Other physical details ნახ. ;
Dimensions 24 სმ.
504 ## - BIBLIOGRAPHY, ETC. NOTE
Bibliography, etc ბიბლიოგრ. : გვ. 459-464
653 ## - INDEX TERM--UNCONTROLLED
Uncontrolled term თრომბოფილია
653 ## - INDEX TERM--UNCONTROLLED
Uncontrolled term მედიცინა
653 ## - INDEX TERM--UNCONTROLLED
Uncontrolled term სამეანო-გინეკოლოგიური პათოლოგიები
700 ## - ADDED ENTRY--PERSONAL NAME
Personal name ბიწაძე, ვ. (ვიქტორია)
Relator term ავტორი
9 (RLIN) 24593
700 ## - ADDED ENTRY--PERSONAL NAME
Personal name ჯანგიძე, მ. (მარინა)
Relator term ავტორი, რედაქტორი
9 (RLIN) 24594
700 ## - ADDED ENTRY--PERSONAL NAME
Personal name ჯანგიძე, მ. (მარინა)
Relator term ავტორი
9 (RLIN) 24594
700 ## - ADDED ENTRY--PERSONAL NAME
Personal name ჯიქურიძე, ა. (ალექსანდრე)
Relator term გარეკანის დიზაინი
9 (RLIN) 24595
942 ## - ADDED ENTRY ELEMENTS (KOHA)
Koha item type წიგნი
Source of classification or shelving scheme
ეგზემპლარები
ჩამოწერის სტატუსი დაკარგული ეგზემპლარის სტატუსი კლასიფიკაციის წყარო ან თაროზე გაწყობის სქემა დაზიანების სტატუსი არ გაიცემა მუდმივი მდებარეობა (დაცვის ადგილი) ამჟამინდელი ადგილსამყოფელი თაროზე განთავსების ადგილი შეძენის თარიღი ღირებულება, შესყიდვის ნორმალური ფასი სრული შენახვის შიფრი შტრიხკოდი ბოლო ოპერაციის თარიღი ეგზემპლარის მიმდევრობითი ნომერი (კეტერი?) ფასის ძალაში შესვლის თარიღი ეგზემპლარის სახეობა საჯარო შენიშვნა
          ბათუმის შოთა რუსთაველის სახელმწიფო უნივერსიტეტის მთავარი ბიბლიოთეკა ბათუმის შოთა რუსთაველის სახელმწიფო უნივერსიტეტის მთავარი ბიბლიოთეკა წიგნსაცავი 2018-12-17 42.90 618.3 + 616-005.7 მ-39 27818 2018-12-17 27818 2018-12-17 წიგნი 42.90 ₾.